MESTSKÁ KNIŽNICA GIRALTOVCE  - online katalóg 

Zdravie, hojnost a zákon prítao?livosti (Record no. 22397)

000 -NÁVESTIE
fixed length control field 00416nam a2200169 4500
008 - ÚDAJE S PEVNOU DĹŽKOU – VŠEOBECNÉ INFORMÁCIE
fixed length control field 190521s2010||||xo d
020 ## - MEDZINÁRODNÉ ŠTANDARDNÉ ČÍSLO KNIHY (ISBN)
Medzinárodné štandardné číslo knihy (ISBN) 9788081001741
Údaje o dostupnosti 0
041 1# - KÓD JAZYKA
Kód jazyka textu/zvukovej stopy alebo samostatných nápisov slo
044 ## - KÓD KRAJINY VYDAVATEĽA/PRODUCENTA
Kód krajiny MARC xo
Kód krajiny ISO SK
100 1# - OSOBNÉ MENÁ – VŠEOBECNÉ INFORMÁCIE
Osobné meno Hicks Esther a Jerry
-- 1103
245 10 - NÁZOV
Názov Zdravie, hojnost a zákon prítao?livosti
260 ## - VYDAVATEĽSKÉ ÚDAJE, DISTRIBÚCIA ATĎ.
Názov vydavateľa, distibútora atď. Eugenika
Dátum publikovania, distribúcie atď. 2010
Miesto publikovania, distribúcie atď. Bratislava
250 ## - ÚDAJ O PORADÍ VYDANIA
Údaj o poradí vydania 1.vydanie
300 ## - FYZICKÝ POPIS
Rozsah 258s.
490 ## - EDÍCIA
Edícia Zahad
958 ## - Formálny deskriptor
Formálny deskriptor A
Holdings
Stav stiahnutia (Blokovanie) (Withrawn status) Stav straty Stav poškodenia (Damaged status) Nie pre výpožičky (Not for loan) Spôsob nadobudnutia (Collection code) Trvalé umiestnenie Aktuálne umiestnenie Dátum nadobudnutia Inventárne číslo (prírastkové číslo) Full call number Dátum posledného výskytu Cena s účinnosťou od Typ jednotky Koha
        Dar Mestská knižnica Giraltovce Mestská knižnica Giraltovce 2019-05-10 20728 V335 2019-12-12 2019-12-12 Odborná literatúra pre dospelých

Powered by Koha